| 000 | 00785nam a2200241 a 4500 | ||
|---|---|---|---|
| 005 | 20210219153713.0 | ||
| 008 | 010706s1991 mx r 000 0 spa d | ||
| 020 | _a9684229194 | ||
| 035 | _aUPN01000109356 | ||
| 049 | _aCG | ||
| 050 | 4 |
_aQA501 _bH3.38 |
|
| 100 | 1 | _aHawk, Minor Clyde | |
| 245 | 1 | 0 |
_aGeometría descriptiva / _cMinor Clyde Hawk ; tr. y adaptación Guillermo Sánchez Bolívar. |
| 260 |
_aMéxico : _bMcGraw-Hill Interamericana, _cc1991 |
||
| 300 |
_a216 p. : _bil. |
||
| 440 | 0 | _aSchaum | |
| 534 |
_pTraducción de: _tSchaum's outline of descriptive geometry. |
||
| 650 | 4 |
_aGEOMETRIA DESCRIPTIVA - _xPROBLEMAS, EJERCICIOS, ETC. |
|
| 700 | 1 |
_aSánchez Bolívar, Guillermo, _etr. |
|
| 901 | _a163569/163570 ej.2/163571 ej.3 | ||
| 902 | _aBDV/ | ||
| 905 | _aLibro | ||
| 999 |
_c83267 _d83267 |
||